| 000 | 00406cam a2200169ua 4500 | ||
|---|---|---|---|
| 001 | 10284 | ||
| 008 | 180227n ii |||gr||||Z||||||eng | ||
| 020 | _a9780333935415 | ||
| 040 | _cMAIN | ||
| 082 | _a824 | ||
| 100 |
_aCairncross, A.S., _eEditor. |
||
| 245 |
_aEight essayists _cEd. by A.S. Cairncross |
||
| 260 |
_aDelhi: _bMacmillan, _c2013. |
||
| 300 | _a237p. | ||
| 653 | _aEnglish essays | ||
| 942 | _cBK | ||
| 999 |
_c9279 _d9279 |
||